000 00427pab a2200157 454500
008 180718b2002 xxu||||| |||| 00| 0 eng d
100 _aRao, K. Seshagiri
245 _aComprehensive reproductive health: an operations research study
260 _c2002
300 _ap.49-65.
650 _aHealth services
700 _aJoshi, Beena
700 _aRanbennur, Virupax
773 _aJournal of Family Welfare
909 _a56691
999 _c56691
_d56691